Wards of Barnet, London - Statistics

General Stats
  • This quiz has been taken 27 times
  • The average score is 9 of 21
Answer Stats
Answer % Correct
Hendon
71%
High Barnet
71%
Burnt Oak
65%
Colindale
65%
East Finchley
65%
East Barnet
59%
Edgware
59%
Totteridge
59%
West Finchley
59%
Mill Hill
47%
Childs Hill
35%
Finchley Church End
29%
Garden Suburb
29%
Coppetts
24%
Underhill
24%
West Hendon
24%
Brunswick Park
18%
Hale
18%
Woodhouse
18%
Oakleigh
12%
Goldiers Green
6%
No matching quizzes found
Score Distribution
Percent of People with Each Score
Percentile by Number Answered
Your Score History
You have not taken this quiz